[Event "Swiss Queens Wed #3"]
[Site "FIDE Online Arena INT"]
[Date "2024.02.14"]
[Round "6"]
[White "Poliakova, Varvara"]
[Black "Kubicka, Anna"]
[Result "1-0"]
[WhiteElo "1973"]
[BlackElo "2278"]
[PlyCount "109"]
[EventDate "2024.02.14"]
[EventType "swiss (blitz)"]
[EventRounds "11"]
[EventCountry "NET"]
[SourceTitle "CB08_2024"]
[SourceDate "2024.02.21"]
[SourceVersion "1"]
[SourceVersionDate "2024.02.21"]
[SourceQuality "1"]

1. e4 c5 2. Nf3 d6 3. d4 cxd4 4. Nxd4 Nf6 5. Nc3 a6 6. h3 e5 7. Nde2 Be7 8. g4 b5 9. Bg2 Bb7 10. 0-0 b4 11. Nd5 Bxd5 12. exd5 0-0 13. Ng3 Nfd7 14. Nf5 Nc5 15. Be3 Nbd7 16. a3 bxa3 17. b4 Na4 18. Rxa3 Nab6 19. Qe2 Re8 20. Rxa6 Rxa6 21. Qxa6 Qc7 22. Qd3 Bf8 23. Be4 Nf6 24. Ng3 Nxe4 25. Nxe4 Rc8 26. Bxb6 Qxb6 27. c3 Be7 28. Ra1 Rf8 29. Ng3 g6 30. Ra6 Qc7 31. Rc6 Qa7 32. Kg2 Qa2 33. b5 Qb2 34. Rc7 Bh4 35. Ne4 f5 36. gxf5 Rxf5 37. Rc8+ Kg7 38. Rc7+ Kh6 39. Qe3+ g5 40. Ng3 Rf4 41. Rd7 Rf6 42. Rxd6 Rxd6 43. Nf5+ Kg6 44. Nxd6 Qb1 45. Qe4+ Qxe4+ 46. Nxe4 g4 47. hxg4 Bd8 48. c4 Kf7 49. c5 Ke7 50. b6 Kd7 51. c6+ Kc8 52. b7+ Kc7 53. d6+ Kb8 54. Nc5 Bb6 55. Nd7+ 1-0

[Event "Swiss Queens Wed #2"]
[Site "FIDE Online Arena INT"]
[Date "2024.02.07"]
[Round "3"]
[White "Poliakova, Varvara"]
[Black "Jarocka, Liwia"]
[Result "1-0"]
[WhiteElo "1973"]
[BlackElo "2199"]
[PlyCount "33"]
[EventDate "2024.02.07"]
[EventType "swiss (blitz)"]
[EventRounds "11"]
[EventCountry "NET"]
[SourceTitle "CB07_2024"]
[SourceDate "2024.02.14"]
[SourceVersion "1"]
[SourceVersionDate "2024.02.14"]
[SourceQuality "1"]

1. e4 d6 2. d4 g6 3. Nc3 Bg7 4. f4 a6 5. Nf3 b5 6. Bd3 Bb7 7. Qe2 c5 8. dxc5 dxc5 9. e5 e6 10. Ne4 Bxe4 11. Bxe4 Ra7 12. Be3 Rc7 13. Rd1 Qe7 14. c4 b4 15. Bc2 Nh6 16. Ba4+ Nc6 17. Rd6 1-0

[Event "Swiss Queens Wed #2"]
[Site "FIDE Online Arena INT"]
[Date "2024.02.07"]
[Round "7"]
[White "Poliakova, Varvara"]
[Black "Mammadzada, Gunay Vuqar Qizi"]
[Result "0-1"]
[WhiteElo "1973"]
[BlackElo "2449"]
[PlyCount "96"]
[EventDate "2024.02.07"]
[EventType "swiss (blitz)"]
[EventRounds "11"]
[EventCountry "NET"]
[SourceTitle "CB07_2024"]
[SourceDate "2024.02.14"]
[SourceVersion "1"]
[SourceVersionDate "2024.02.14"]
[SourceQuality "1"]

1. e4 c5 2. Nf3 d6 3. d4 cxd4 4. Nxd4 e6 5. c4 Ne7 6. Nc3 a6 7. Be3 Nbc6 8. Be2 g6 9. 0-0 Bg7 10. Qd2 0-0 11. Rfd1 d5 12. Nxc6 bxc6 13. exd5 exd5 14. cxd5 Nxd5 15. Nxd5 cxd5 16. Bd4 Bxd4 17. Qxd4 Be6 18. Rd3 Rc8 19. Bf3 Rc4 20. Qe5 Qb8 21. Qxb8 Rxb8 22. b3 Rc5 23. g3 Kg7 24. Rad1 Rc2 25. R1d2 Rxd2 26. Rxd2 Rd8 27. h4 Kf6 28. Kf1 a5 29. Ke2 Ke5 30. Rc2 Kd4 31. Rc7 a4 32. b4 a3 33. Rb7 Kc3 34. b5 d4 35. Rc7+ Kb4 36. b6 Bxa2 37. Ra7 Bd5 38. Bg4 f5 39. Bh3 Rb8 40. Kd2 Rxb6 41. Bf1 a2 42. Bd3 Bb3 43. Bc2 h6 44. Ra8 Bxc2 45. Kxc2 d3+ 46. Kb2 Kc4+ 47. Kxa2 Kc3 48. Rc8+ Kd2 0-1

[Event "Swiss Queens Wed #2"]
[Site "FIDE Online Arena INT"]
[Date "2024.02.07"]
[Round "5"]
[White "Poliakova, Varvara"]
[Black "Pujari, Rucha"]
[Result "1/2-1/2"]
[WhiteElo "1973"]
[BlackElo "2071"]
[PlyCount "93"]
[EventDate "2024.02.07"]
[EventType "swiss (blitz)"]
[EventRounds "11"]
[EventCountry "NET"]
[SourceTitle "CB07_2024"]
[SourceDate "2024.02.14"]
[SourceVersion "1"]
[SourceVersionDate "2024.02.14"]
[SourceQuality "1"]

1. e4 e5 2. Nf3 Nc6 3. Bc4 Nf6 4. d3 Be7 5. c3 0-0 6. Bb3 d6 7. Nbd2 Be6 8. 0-0 Qd7 9. Re1 h6 10. Nf1 Rae8 11. Ng3 Bd8 12. Nh4 g6 13. Bxh6 Ng4 14. Bxf8 Bxh4 15. Bxe6 Qxe6 16. h3 Nxf2 17. Kxf2 Rxf8 18. Qg4 Qxg4 19. hxg4 f5 20. exf5 gxf5 21. Kf3 e4+ 22. Kf4 Ne5 23. gxf5 Nxd3+ 24. Kg4 Bxg3 25. Kxg3 Nxe1 26. Rxe1 Rxf5 27. Rxe4 Kf7 28. Rh4 Kg6 29. Rh8 Ra5 30. a3 Rb5 31. b4 Rd5 32. Kf4 Rd3 33. Rg8+ Kf6 34. Rb8 b6 35. Ra8 Rxc3 36. Rxa7 Rc4+ 37. Kf3 Kf5 38. g4+ Kg5 39. Rb7 Rc3+ 40. Ke4 Rxa3 41. Rxc7 Rb3 42. Kd5 Rxb4 43. Kxd6 Kxg4 44. Rb7 Rb1 45. Kc6 b5 46. Rxb5 Rxb5 47. Kxb5 1/2-1/2

[Event "Swiss Queens Wed #2"]
[Site "FIDE Online Arena INT"]
[Date "2024.02.07"]
[Round "8"]
[White "Shubenkova, Veronika"]
[Black "Poliakova, Varvara"]
[Result "1/2-1/2"]
[WhiteElo "2007"]
[BlackElo "1973"]
[PlyCount "132"]
[EventDate "2024.02.07"]
[EventType "swiss (blitz)"]
[EventRounds "11"]
[EventCountry "NET"]
[SourceTitle "CB07_2024"]
[SourceDate "2024.02.14"]
[SourceVersion "1"]
[SourceVersionDate "2024.02.14"]
[SourceQuality "1"]

1. d4 Nf6 2. e3 e6 3. f4 d5 4. Nf3 b6 5. c3 Bb7 6. Bd3 c5 7. Nbd2 Nc6 8. 0-0 Bd6 9. Ne5 h5 10. b3 g6 11. a4 Qc7 12. Bb2 0-0-0 13. Qe2 a5 14. Ndf3 Ne4 15. Nxc6 Bxc6 16. c4 Rhe8 17. Rac1 dxc4 18. Bxc4 Kb8 19. Ne5 Bxe5 20. fxe5 Rd7 21. dxc5 Nxc5 22. Bd4 Rc8 23. Ba6 Bb7 24. Bxc5 bxc5 25. Qb5 Rd5 26. Rc4 Qc6 27. Qxb7+ Qxb7 28. Bxb7 Kxb7 29. Rxf7+ Kc6 30. e4 Rxe5 31. Rf6 Rb8 32. Rf3 g5 33. Kf2 g4 34. Rfc3 Kd6 35. Rd3+ Kc6 36. Ke3 Rf8 37. Rd2 Rf1 38. Ke2 Rb1 39. Rd3 Rg5 40. Re3 h4 41. e5 Rb2+ 42. Kf1 g3 43. Rxh4 gxh2 44. Rxh2 Rf5+ 45. Ke1 Kd5 46. g4 Rb1+ 47. Kd2 Rxe5 48. Rxe5+ Kxe5 49. Re2+ Kd5 50. Rg2 Rxb3 51. Kc2 Rb7 52. g5 Rg7 53. g6 e5 54. Kc3 e4 55. Rg5+ Ke6 56. Rxc5 Rxg6 57. Rxa5 Rg1 58. Ra6+ Kd7 59. Kd4 Re1 60. Rh6 Kc7 61. Re6 Kb7 62. a5 Ka7 63. a6 Rd1+ 64. Kxe4 Re1+ 65. Kf5 Rxe6 66. Kxe6 Kxa6 1/2-1/2

[Event "Swiss Queens Wed #1"]
[Site "FIDE Online Arena INT"]
[Date "2024.01.31"]
[Round "2"]
[White "Dakshikaa, SM."]
[Black "Poliakova, Varvara"]
[Result "0-1"]
[WhiteElo "1310"]
[BlackElo "2006"]
[PlyCount "130"]
[EventDate "2024.01.31"]
[EventType "swiss (blitz)"]
[EventRounds "11"]
[EventCountry "NET"]
[SourceTitle "CB06_2024"]
[SourceDate "2024.02.07"]
[SourceVersion "1"]
[SourceVersionDate "2024.02.07"]
[SourceQuality "1"]

1. e4 d5 2. exd5 Qxd5 3. Nc3 Qd6 4. d4 c6 5. Nf3 Nf6 6. Bc4 Bf5 7. g3 e6 8. Bf4 Qd8 9. 0-0 Bd6 10. Ne5 0-0 11. Bg5 h6 12. Bf4 Nd5 13. Nxd5 cxd5 14. Bd3 Bh3 15. Re1 Nc6 16. Bf1 Bxf1 17. Rxf1 Nxe5 18. Bxe5 Bxe5 19. dxe5 Rc8 20. c3 Qb6 21. Qc2 Rc4 22. b3 Rc6 23. Rac1 Rfc8 24. Qd3 Qc7 25. c4 Qxe5 26. f4 Qf6 27. Qc3 Qxc3 28. Rxc3 dxc4 29. bxc4 Rxc4 30. Rb3 R8c7 31. Rfb1 b6 32. Rb4 Rc2 33. R4b2 Rxb2 34. Rxb2 Kf8 35. Kf2 Ke7 36. Ke3 Kd6 37. Kd4 Rc5 38. a4 Rd5+ 39. Ke4 f5+ 40. Ke3 e5 41. fxe5+ Kxe5 42. Re2 Kf6 43. Rd2 Rxd2 44. Kxd2 Ke5 45. Ke3 g5 46. h3 h5 47. h4 gxh4 48. gxh4 f4+ 49. Kf3 a6 50. Kf2 b5 51. axb5 axb5 52. Kf3 Kf5 53. Kf2 Kg4 54. Kg2 b4 55. Kf2 b3 56. Kg2 Kxh4 57. Kf3 Kg5 58. Kf2 h4 59. Kg2 Kg4 60. Kf2 b2 61. Kg2 f3+ 62. Kf2 b1Q 63. Ke3 Qe1+ 64. Kd3 f2 65. Kd4 f1Q 0-1

[Event "Swiss Queens Wed #1"]
[Site "FIDE Online Arena INT"]
[Date "2024.01.31"]
[Round "3"]
[White "Poliakova, Varvara"]
[Black "Lesbekova, Asel"]
[Result "0-1"]
[WhiteElo "2006"]
[BlackElo "1805"]
[PlyCount "160"]
[EventDate "2024.01.31"]
[EventType "swiss (blitz)"]
[EventRounds "11"]
[EventCountry "NET"]
[SourceTitle "CB06_2024"]
[SourceDate "2024.02.07"]
[SourceVersion "1"]
[SourceVersionDate "2024.02.07"]
[SourceQuality "1"]

1. e4 e5 2. Nf3 Nf6 3. Nc3 Nc6 4. d4 exd4 5. Nxd4 Nxe4 6. Nxe4 Qe7 7. f3 d5 8. Bb5 Bd7 9. Bxc6 bxc6 10. 0-0 dxe4 11. Re1 0-0-0 12. Rxe4 Qb4 13. c3 Qb6 14. Qb3 c5 15. Qxb6 cxb6 16. Nb3 Bc6 17. Re1 Bd6 18. Be3 Rhe8 19. Kf2 f6 20. Rad1 Bc7 21. Nd2 Ba4 22. b3 Bc6 23. Nf1 Be5 24. c4 Bc3 25. Rxd8+ Rxd8 26. Rc1 Bb2 27. Rc2 Bd4 28. Ng3 Bxe3+ 29. Kxe3 g6 30. Ne2 Rd1 31. Kf2 Kd7 32. h4 Ke6 33. g4 a5 34. Ng3 Kf7 35. h5 Rd3 36. hxg6+ hxg6 37. Ne4 Bxe4 38. fxe4 Ke6 39. Ke2 Rd4 40. Ke3 Ke5 41. Rh2 Rxe4+ 42. Kf3 Rf4+ 43. Kg3 Rd4 44. Rh7 Rd3+ 45. Kf2 Rd2+ 46. Ke3 Rxa2 47. Rb7 Rb2 48. Rxb6 a4 49. Rc6 Rxb3+ 50. Kd2 Kd4 51. Rxf6 g5 52. Rg6 a3 53. Kc2 Kxc4 54. Ra6 Rb2+ 55. Kc1 Rb3 56. Kc2 Rg3 57. Ra4+ Kb5 58. Ra8 Kc4 59. Ra4+ Kb5 60. Ra8 Kb4 61. Rb8+ Kc4 62. Ra8 Rg2+ 63. Kb1 Kb3 64. Rb8+ Kc3 65. Ra8 a2+ 66. Ka1 c4 67. Ra3+ Kb4 68. Ra8 Rxg4 69. Rb8+ Kc3 70. Kxa2 Rg2+ 71. Kb1 g4 72. Rg8 g3 73. Rg4 Rg1+ 74. Ka2 Kd3 75. Rg8 c3 76. Rd8+ Kc2 77. Rg8 g2 78. Rg3 Kd2 79. Rg8 c2 80. Rd8+ Ke3 0-1

[Event "Orsha op-A 22nd"]
[Site "Orsha"]
[Date "2024.01.26"]
[Round "8"]
[White "Venskaya, Nika"]
[Black "Poliakova, Varvara"]
[Result "1/2-1/2"]
[WhiteElo "1555"]
[BlackElo "2006"]
[PlyCount "107"]
[EventDate "2024.01.22"]
[EventType "swiss"]
[EventRounds "9"]
[EventCountry "BLR"]
[SourceTitle "CB05_2024"]
[SourceDate "2024.01.31"]
[SourceVersion "1"]
[SourceVersionDate "2024.01.31"]
[SourceQuality "1"]

1. d4 Nf6 2. Nf3 e6 3. Bf4 b6 4. e3 Bb7 5. c4 Nh5 6. Bg5 Be7 7. Bxe7 Qxe7 8. Nc3 f5 9. d5 Nf6 10. d6 Qxd6 11. Qxd6 cxd6 12. Nb5 Bxf3 13. gxf3 Na6 14. Nxd6+ Ke7 15. 0-0-0 Ne8 16. Nb5 Nc5 17. Nc3 Rc8 18. b3 Nd6 19. Kb2 a6 20. Rg1 g6 21. Be2 Rc7 22. Rd2 Nf7 23. b4 Nb7 24. Na4 Rb8 25. Kb3 Nbd6 26. Nb2 a5 27. b5 Nb7 28. Na4 Nc5+ 29. Nxc5 Rxc5 30. Rgd1 Rb7 31. f4 Rbc7 32. h4 h6 33. f3 d6 34. Rg1 Kf6 35. e4 Rc8 36. a3 Rg8 37. exf5 Rxf5 38. Rd4 Rh5 39. Rg4 d5 40. cxd5 Rxd5 41. Rxd5 exd5 42. Bd3 Nd6 43. h5 g5 44. fxg5+ Rxg5 45. Rxg5 Kxg5 46. Kc3 Kf6 47. Kd4 Ke6 48. a4 Ne8 49. f4 Nf6 50. Bg6 Nd7 51. Bh7 Nc5 52. Bc2 Kd6 53. f5 Nd7 54. Bd1 1/2-1/2

[Event "BLR-ch (Women) 80th"]
[Site "Minsk"]
[Date "2024.01.15"]
[Round "6"]
[White "Poliakova, Varvara"]
[Black "Abramkina, Veranika"]
[Result "1/2-1/2"]
[WhiteElo "2006"]
[BlackElo "1808"]
[PlyCount "81"]
[EventDate "2024.01.10"]
[EventType "tourn"]
[EventRounds "9"]
[EventCountry "BLR"]
[SourceTitle "CB04_2024"]
[SourceDate "2023.10.16"]
[SourceVersion "1"]
[SourceVersionDate "2023.10.16"]
[SourceQuality "1"]

1. e4 c5 2. Nf3 e6 3. d4 cxd4 4. Nxd4 a6 5. Nc3 Qc7 6. Qd3 Nf6 7. Qg3 d6 8. Bd3 b5 9. 0-0 Bb7 10. Re1 Nbd7 11. a3 Nc5 12. b3 e5 13. Nf5 g6 14. Nh4 Be7 15. Qf3 Nfd7 16. g3 f5 17. Bb2 Nf6 18. Nd5 Bxd5 19. exd5 0-0 20. Qd1 Rac8 21. Bf1 Nce4 22. Bd3 Nc3 23. Bxc3 Qxc3 24. a4 e4 25. Bf1 Rc5 26. axb5 axb5 27. Re3 Qe5 28. Nf3 Qxd5 29. Re2 Rfc8 30. Rd2 Qb7 31. b4 Rd5 32. Nd4 Ng4 33. Nxf5 Rxf5 34. Qxg4 Bf6 35. Rad1 Be5 36. Bg2 Rc4 37. Re2 d5 38. Red2 Qb6 39. Kh1 Rd4 40. Rxd4 Bxd4 41. f4 1/2-1/2

[Event "Wch Blitz (Women)"]
[Site "Samarkand"]
[Date "2023.12.29"]
[Round "1"]
[White "Narva, Mai"]
[Black "Poliakova, Varvara"]
[Result "1-0"]
[WhiteElo "2403"]
[BlackElo "1959"]
[PlyCount "61"]
[EventDate "2023.12.29"]
[EventType "swiss (blitz)"]
[EventRounds "17"]
[EventCountry "UZB"]
[SourceTitle "CB01_2024"]
[SourceDate "2024.01.03"]
[SourceVersion "1"]
[SourceVersionDate "2024.01.03"]
[SourceQuality "1"]

1. e4 e5 2. Nf3 Nc6 3. Bc4 Bc5 4. c3 Nf6 5. d4 exd4 6. b4 Bb6 7. e5 d5 8. exf6 dxc4 9. Qe2+ Be6 10. b5 d3 11. Qe4 Nb4 12. 0-0 Nd5 13. fxg7 Rg8 14. Bg5 Qd6 15. Nbd2 Nxc3 16. Qxh7 Ne2+ 17. Kh1 f5 18. Nh4 Kd7 19. Nxf5 Qe5 20. Ng3 c3 21. Nde4 d2 22. Nf6+ Kd6 23. Nxg8 Rxg8 24. Qd3+ Bd5 25. f4 Qe6 26. Nxe2 Kd7 27. Nxc3 c6 28. bxc6+ bxc6 29. Qxd2 Rxg7 30. Nxd5 cxd5 31. Rfd1 1-0

[Event "Wch Blitz (Women)"]
[Site "Samarkand"]
[Date "2023.12.29"]
[Round "4"]
[White "Poliakova, Varvara"]
[Black "Abdulla, Khayala Mardan Qizi"]
[Result "0-1"]
[WhiteElo "1959"]
[BlackElo "2266"]
[PlyCount "98"]
[EventDate "2023.12.29"]
[EventType "swiss (blitz)"]
[EventRounds "17"]
[EventCountry "UZB"]
[SourceTitle "CB01_2024"]
[SourceDate "2024.01.03"]
[SourceVersion "1"]
[SourceVersionDate "2024.01.03"]
[SourceQuality "1"]

1. e4 c5 2. Nf3 e6 3. d4 cxd4 4. Nxd4 a6 5. Nc3 Qc7 6. Bd3 Nf6 7. 0-0 Nc6 8. Nf3 b5 9. a3 Bb7 10. Re1 d6 11. h3 Be7 12. Bf4 Ne5 13. Bf1 0-0 14. Nxe5 dxe5 15. Bh2 Bc5 16. Qf3 Rfd8 17. Rad1 Bd4 18. Rd3 Rac8 19. Red1 Qb6 20. Qe2 Bxc3 21. Rxd8+ Rxd8 22. Rxd8+ Qxd8 23. bxc3 Nxe4 24. Bxe5 f6 25. Bd4 e5 26. Be3 Nxc3 27. Qg4 Qc8 28. Qh5 Nd5 29. Bd3 g6 30. Qe2 Nxe3 31. Qxe3 Qc6 32. f3 Qd6 33. Kf2 Kf7 34. Ke2 Qd4 35. Qxd4 exd4 36. c4 dxc3 37. Kd1 Ke6 38. Kc2 Ke5 39. Kxc3 Kf4 40. Kb4 Kg3 41. Be4 Bc8 42. Kc5 Kxg2 43. Kc6 Bxh3 44. Kb6 Bc8 45. Kc7 Bf5 46. Bb7 a5 47. Kd6 b4 48. axb4 axb4 49. Bd5 h5 0-1

[Event "Wch Blitz (Women)"]
[Site "Samarkand"]
[Date "2023.12.29"]
[Round "6"]
[White "Poliakova, Varvara"]
[Black "Zhao, Shengxin"]
[Result "1-0"]
[WhiteElo "1959"]
[BlackElo "2124"]
[PlyCount "89"]
[EventDate "2023.12.29"]
[EventType "swiss (blitz)"]
[EventRounds "17"]
[EventCountry "UZB"]
[SourceTitle "CB01_2024"]
[SourceDate "2024.01.03"]
[SourceVersion "1"]
[SourceVersionDate "2024.01.03"]
[SourceQuality "1"]

1. e4 c5 2. Nf3 d6 3. d4 cxd4 4. Nxd4 Nf6 5. Nc3 a6 6. h3 e5 7. Nde2 h5 8. g3 Nbd7 9. Bg2 b5 10. 0-0 Be7 11. Be3 Nb6 12. b3 Bb7 13. Qd2 0-0 14. Rad1 Qc7 15. Nd5 Nbxd5 16. exd5 Rac8 17. Rc1 Nd7 18. c4 bxc4 19. Rxc4 Qb8 20. Rfc1 Rxc4 21. Rxc4 Bd8 22. Qb4 f5 23. f4 Rf7 24. Kf2 h4 25. g4 fxg4 26. hxg4 exf4 27. Rxf4 Ne5 28. Qe4 Nxg4+ 29. Kg1 Nf6 30. Qg6 Qc7 31. Rxh4 Qe7 32. Qd3 Qe5 33. Bf4 Qa1+ 34. Kh2 Qxa2 35. Nd4 Bc8 36. Ne6 Qa1 37. Nxd8 Ng4+ 38. Rxg4 Bxg4 39. Nxf7 Kxf7 40. Qg3 Bf5 41. Qg5 Qb1 42. Bxd6 Qd3 43. Qe7+ Kg6 44. Bf4 Qd4 45. Qg5+ 1-0

[Event "Wch Rapid (Women)"]
[Site "Samarkand"]
[Date "2023.12.28"]
[Round "10"]
[White "Poliakova, Varvara"]
[Black "Injac, Teodora"]
[Result "0-1"]
[WhiteElo "1959"]
[BlackElo "2447"]
[PlyCount "92"]
[EventDate "2023.12.26"]
[EventType "swiss (rapid)"]
[EventRounds "11"]
[EventCountry "UZB"]
[SourceTitle "CB01_2024"]
[SourceDate "2024.01.03"]
[SourceVersion "1"]
[SourceVersionDate "2024.01.03"]
[SourceQuality "1"]

1. e4 e5 2. Nf3 Nc6 3. Bc4 Bc5 4. c3 Nf6 5. d3 d6 6. 0-0 h6 7. a4 a6 8. Nbd2 0-0 9. Bb3 Be6 10. h3 Ba7 11. Re1 Re8 12. Nf1 d5 13. Ng3 Qd6 14. Nh4 Ne7 15. Nhf5 Nxf5 16. exf5 Bd7 17. Bd2 Re7 18. Re2 Rae8 19. Qc2 e4 20. d4 e3 21. Be1 c5 22. dxc5 Bxc5 23. f3 Qf4 24. Rd1 h5 25. Bxd5 h4 26. b4 Bd6 27. Rd4 Qg5 28. Ne4 Nxe4 29. Bxe4 Be5 30. Rd1 Qf4 31. g3 hxg3 32. Rg2 Qh4 33. Rd5 Bb8 34. Qd3 Bc6 35. c4 Bxd5 36. cxd5 Bd6 37. f6 Rxe4 38. fxe4 Rxe4 39. fxg7 Kxg7 40. Qc3+ Be5 41. Qd3 f5 42. Bc3 Bxc3 43. Qxc3+ Kg6 44. Qc7 f4 45. Qc2 f3 46. d6 f2+ 0-1

[Event "RUS Cup tt (Women)"]
[Site "Sochi"]
[Date "2023.11.28"]
[Round "2.5"]
[White "Badelka, Olga"]
[Black "Poliakova, Varvara"]
[Result "1-0"]
[WhiteElo "2395"]
[BlackElo "2013"]
[PlyCount "67"]
[EventDate "2023.11.27"]
[EventType "team-tourn"]
[EventRounds "7"]
[EventCountry "RUS"]
[SourceTitle "CB49_2023"]
[SourceDate "2023.12.06"]
[SourceVersion "1"]
[SourceVersionDate "2023.12.06"]
[SourceQuality "1"]
[WhiteTeam "Korporatsiya M (W)"]
[BlackTeam "Belarus (W)"]
[WhiteTeamCountry "RUS"]
[BlackTeamCountry "BLR"]

1. d4 Nf6 2. c4 e6 3. Nc3 Bb4 4. a3 Bxc3+ 5. bxc3 b6 6. f3 Bb7 7. e4 d6 8. Bd3 Nbd7 9. Ne2 0-0 10. Ng3 c5 11. 0-0 Rc8 12. f4 cxd4 13. cxd4 d5 14. cxd5 exd5 15. e5 Ne4 16. f5 f6 17. e6 Nb8 18. Re1 Re8 19. Nxe4 dxe4 20. Bxe4 Bxe4 21. Rxe4 Qd5 22. Rf4 Nc6 23. Qd3 Ne7 24. Bd2 Rc4 25. Raf1 Rd8 26. Rg4 h5 27. Rh4 Nc6 28. Qh3 Rxd4 29. Rxh5 Kf8 30. Qg3 Rxd2 31. Rh8+ Ke7 32. Qxg7+ Kd6 33. Rxd8+ Nxd8 34. Qd7+ 1-0

[Event "Minsk op"]
[Site "Minsk"]
[Date "2023.11.08"]
[Round "6"]
[White "Vitsiuk, Anton"]
[Black "Poliakova, Varvara"]
[Result "0-1"]
[WhiteElo "1614"]
[BlackElo "2013"]
[PlyCount "82"]
[EventDate "2023.11.03"]
[EventType "swiss"]
[EventRounds "9"]
[EventCountry "BLR"]
[SourceTitle "CB46_2023"]
[SourceDate "2023.11.15"]
[SourceVersion "1"]
[SourceVersionDate "2023.11.15"]
[SourceQuality "1"]

1. e4 e5 2. Nf3 Nc6 3. Bc4 Bc5 4. 0-0 Nf6 5. c3 Nxe4 6. d4 exd4 7. cxd4 d5 8. dxc5 dxc4 9. Qe2 Qd3 10. Re1 f5 11. Nc3 0-0 12. Nxe4 fxe4 13. Qxe4 Bf5 14. Qh4 Nb4 15. Ne5 Qd5 16. Nxc4 Nd3 17. Ne3 Qxc5 18. Rf1 Bg6 19. Bd2 Rf4 20. Qg3 Raf8 21. Nd1 R4f7 22. a4 a5 23. Ra3 Qc2 24. Be3 Qe2 25. Rc3 c6 26. Ra3 c5 27. Nc3 Qxb2 28. Nb5 Nf4 29. Bxf4 Rxf4 30. h3 c4 31. Nc7 Qe5 32. Nb5 Bd3 33. Rxd3 cxd3 34. Qxd3 Qe4 35. Qd2 Qxa4 36. Qd5+ Kh8 37. Qxb7 Qe4 38. Qa7 a4 39. g3 R4f7 40. Qb6 Qb4 41. Qc6 Rxf2 0-1